Business cost-benefit analysis (Record no. 78994)

MARC details
000 -LEADER
fixed length control field 00716nam a2200169 a 4500
008 - FIXED-LENGTH DATA ELEMENTS--GENERAL INFORMATION
fixed length control field 120416s1972 ||||||||||||||||| || u
050 ## - LIBRARY OF CONGRESS CALL NUMBER
Classification number HD 47.4 Dew
100 ## - MAIN ENTRY--PERSONAL NAME
Personal name Dewhurst, Roland Frederick James
245 10 - TITLE STATEMENT
Title Business cost-benefit analysis
260 ## - PUBLICATION, DISTRIBUTION, ETC.
Place of publication, distribution, etc. London
Name of publisher, distributor, etc. McGraw-Hill
Date of publication, distribution, etc. [1972]
300 ## - PHYSICAL DESCRIPTION
Extent x, 287p. : ill.
350 ## -
-- 0.00
650 #0 - SUBJECT ADDED ENTRY--TOPICAL TERM
Topical term or geographic name entry element BUSINESS
650 ## - SUBJECT ADDED ENTRY--TOPICAL TERM
Topical term or geographic name entry element COST-BENEFIT ANALYSIS
995 ## -
-- MAIN LIBRARY OPEN ACCESS
-- 0.00
-- 706164
-- CBU-MAIN LIBRARY (Kitwe)
-- 2
-- 0.00
-- HD 47.4 Dew
-- 1
-- AVAILABLE
-- 003533
-- Main Library Open Access Collection
995 ## -
-- MAIN LIBRARY OPEN ACCESS
-- 0.00
-- 706496
-- CBU-MAIN LIBRARY (Kitwe)
-- 1
-- 0.00
-- HD 47.4 Dew
-- 2
-- AVAILABLE
-- 003534
-- Main Library Open Access Collection
999 ## -
-- 78994
-- 78994

No items available.